| 000 | 00505nam a2200157 i 4500 | ||
|---|---|---|---|
| 001 | 48921 | ||
| 003 | ES-MaACL | ||
| 005 | 20230906161839.0 | ||
| 007 | t| | ||
| 008 | 030702s1973 sp ||||1| spa d | ||
| 100 | 1 |
_aCorella Iraizoz, Jose Maria. _940579 |
|
| 245 | 1 | 0 |
_aHistoria de la literatura navarra _b: (ensayo para una historia literaria del viejo Reino) / _cJosé María Corella. |
| 260 |
_aPamplona : _bEd. Pregón, _c[1973] |
||
| 300 |
_a401 p. ; _c21 cm. |
||
| 852 |
_aES-MaACL _jC-56129 _bR.88872 |
||
| 999 |
_c48921 _d48921 |
||